00918nam a2200217 a 450000100100000000500170001000800410002702000150006804000250008310000350010824501070014326000720025030000280032249000390035050400320038950400730042170000380049483000460053295201050057899900170068300004168520201002035713.0131015s1996 sp 000 0 spa d a8487111793 aDO-SdBNPbspacBNPHU1 aMaldonado Polo, J. Luis96815410aFlora de Guatemala de José Mociño /cJ. Luis Maldonado Polo : prólogo Raquel Álvarez Pelaéz. aMadrid :bConsejo Superior de Investigaciones Científicas,c1996. a363 p. :bil. ;c26 cm.1 aTheatrum naturaeahistoria natural aBibliografía : p. 357-359 aIncluye referencias bibliográficas y notas al pie de las páginas1 aÁlvarez Pelaéz, Raquel968494 0aTheatrum naturaephistoria natural968495 001050718MOaGRbGRcCTd2013-10-15iLF1l0o p41685-10r2020-06-25w2020-06-25y1ZNo se presta c41175d41175